West (Images of America) (Record no. 298461)

000 -LEADER
fixed length control field 00241 a2200109 4500
001 - CONTROL NUMBER
control field 63388
082 ## - DEWEY DECIMAL CLASSIFICATION NUMBER
Classification number 973 GAL
090 ## - LOCALLY ASSIGNED LC-TYPE CALL NUMBER (OCLC); LOCAL CALL NUMBER (RLIN)
-- 37439
-- 37439
100 ## - MAIN ENTRY--PERSONAL NAME
Personal name Gallery Books
245 ## - TITLE STATEMENT
Title West (Images of America)
Medium English
260 ## - PUBLICATION, DISTRIBUTION, ETC.
Name of publisher, distributor, etc. Gallery Books
942 ## - ADDED ENTRY ELEMENTS (KOHA)
Institution code [OBSOLETE] CAE NUST
Call number prefix 973 GAL
Holdings
Withdrawn status Lost status Damaged status Not for loan Collection code Permanent Location Current Location Date acquired Total Checkouts Full call number Barcode Date last seen Price effective from Koha item type
          College of Aeronautical Engineering (CAE) College of Aeronautical Engineering (CAE) 04/03/2017   973 GAL CAEG-5503 04/05/2017 04/05/2017 Book
© 2023 Central Library, National University of Sciences and Technology. All Rights Reserved.